LEADER 01136nam0-22003731i-450- 001 990003865440403321 005 20080715111804.0 010 $a88-453-0981-9 035 $a000386544 035 $aFED01000386544 035 $a(Aleph)000386544FED01 035 $a000386544 100 $a20030910d2000----km-y0itay50------ba 101 0 $aita 102 $aIT 200 1 $a<>comunicazione nell'era di Internet$fa cura di Carlo Crespellani Porcella, Silvano Tagliagambe, Giuseppe Usai$gprefazione di Elio Catania 210 $aMilano$cEtas$d2000 215 $aXIX, 201 p.$d21 cm 300 $aOcchietto: Fondazione IBM Italia 610 0 $aInternet e comunicazione 610 0 $aInternet e pubblicità 702 1$aCrespellani Porcella,$bCarlo 702 1$aTagliagambe,$bSilvano$f<1945- > 702 1$aUsai,$bGiuseppe 702 1$aCatania,$bElio 801 0$aIT$bUNINA$gRICA$2UNIMARC 901 $aBK 912 $a990003865440403321 952 $a13720 CRE$b19027$fSES 952 $a4-0-653-TI$b7991$fECA 959 $aSES 959 $aECA 996 $aComunicazione nell'era di Internet$9514754 997 $aUNINA LEADER 00806nam--2200313---450- 001 990002133460203316 005 20041103103447.0 035 $a000213346 035 $aUSA01000213346 035 $a(ALEPH)000213346USA01 035 $a000213346 100 $a20041103d1977----km-y0itay0103----ba 101 $aita 102 $aIT 105 $a||||||||001yy 200 1 $aInchiesta a Palermo$fDanilo Dolci 210 $aTorino$cEinaudi$d1977 215 $a310 p.$d22 cm 454 1$12001 461 1$1001-------$12001 700 1$aDOLCI,$bDanilo$032100 801 0$aIT$bsalbc$gISBD 912 $a990002133460203316 951 $aXXIV B 3 110$b0951 G.$cXXIV B 959 $aBK 969 $aGIU 979 $aSIAV1$b10$c20041103$lUSA01$h1034 996 $aInchiesta a Palermo$9131916 997 $aUNISA